Snatak mahalar bharatar sikshar itihash (Record no. 6066)

MARC details
000 -LEADER
fixed length control field 00619cam a2200229ua 4500
001 - CONTROL NUMBER
control field 6925
005 - DATE AND TIME OF LATEST TRANSACTION
control field 20260515114129.0
008 - FIXED-LENGTH DATA ELEMENTS--GENERAL INFORMATION
fixed length control field 140722n ii |||gr||||Z||||||asm
020 ## - INTERNATIONAL STANDARD BOOK NUMBER
International Standard Book Number 978-81-910-983-0-3
040 ## - CATALOGING SOURCE
Transcribing agency MAIN
082 ## - DEWEY DECIMAL CLASSIFICATION NUMBER
Classification number 370.54
100 ## - MAIN ENTRY--PERSONAL NAME
Personal name Chaliha, Beda Kr,
Relator term Author.
245 ## - TITLE STATEMENT
Title Snatak mahalar bharatar sikshar itihash
Statement of responsibility, etc. by Beda Kr. Chaliha
250 ## - EDITION STATEMENT
Edition statement 2nd rev ed.
260 ## - PUBLICATION, DISTRIBUTION, ETC.
Place of publication, distribution, etc. Jorhat:
Name of publisher, distributor, etc. Bidya bhawan,
Date of publication, distribution, etc. 2012.
300 ## - PHYSICAL DESCRIPTION
Extent 310p.
653 ## - INDEX TERM--UNCONTROLLED
Uncontrolled term Education
653 ## - INDEX TERM--UNCONTROLLED
Uncontrolled term History of Indian education
700 ## - ADDED ENTRY--PERSONAL NAME
Personal name Saikia, Tarun,
Relator term Author.
700 ## - ADDED ENTRY--PERSONAL NAME
Personal name Saikia, Runu Borah,
Relator term Author.
942 ## - ADDED ENTRY ELEMENTS (KOHA)
Koha item type Books
Holdings
Withdrawn status Lost status Damaged status Not for loan Home library Current library Shelving location Date acquired Total checkouts Full call number Barcode Date last seen Date last checked out Copy number Price effective from Koha item type
        Naharkatiya College Library Naharkatiya College Library General stacks 09/19/2020 13 370.54 | CHA 21271 04/04/2026 03/27/2026 2 09/19/2020 Books
        Naharkatiya College Library Naharkatiya College Library General stacks 09/19/2020 13 370.54 | CHA 21273 06/06/2024 04/29/2024 1 09/19/2020 Books
        Naharkatiya College Library Naharkatiya College Library General stacks 09/19/2020 8 370.54 | CHA 21274 03/21/2024 02/19/2024 3 09/19/2020 Books